<?xml version="1.0" encoding="UTF-8"?>
<record
    xmlns:xsi="http://www.w3.org/2001/XMLSchema-instance"
    xsi:schemaLocation="http://www.loc.gov/MARC21/slim http://www.loc.gov/standards/marcxml/schema/MARC21slim.xsd"
    xmlns="http://www.loc.gov/MARC21/slim">

  <leader>01164    a2200217   4500</leader>
  <controlfield tag="001">22126</controlfield>
  <controlfield tag="005">20260407155509.0</controlfield>
  <controlfield tag="008">260407a1997    arg                 spa d</controlfield>
  <controlfield tag="003">AR-UNSa-BCEJYS</controlfield>
  <datafield tag="040" ind1=" " ind2=" ">
    <subfield code="a">AR-UNSa-BCEJYS</subfield>
    <subfield code="b">spa</subfield>
    <subfield code="c">AR-UNSa-BCEJYS</subfield>
  </datafield>
  <datafield tag="080" ind1=" " ind2=" ">
    <subfield code="a">657.6</subfield>
    <subfield code="x">Auditoria (control interno)</subfield>
  </datafield>
  <datafield tag="245" ind1="1" ind2="0">
    <subfield code="a">Auditor&#xED;a del &#xE1;rea de impuestos</subfield>
  </datafield>
  <datafield tag="020" ind1=" " ind2=" ">
    <subfield code="a">84-89328-49-8</subfield>
  </datafield>
  <datafield tag="264" ind1=" " ind2="1">
    <subfield code="a">Madrid :</subfield>
    <subfield code="b">Instituto de Auditores - Censores Jurados de Cuentas de Espa&#xF1;a</subfield>
    <subfield code="c">1997</subfield>
  </datafield>
  <datafield tag="300" ind1=" " ind2=" ">
    <subfield code="a">128 p.</subfield>
    <subfield code="c">24 cm.</subfield>
  </datafield>
  <datafield tag="505" ind1=" " ind2=" ">
    <subfield code="a">1. Introducci&#xF3;n - 2. Principales figuras tributarias - 3. Normas de valoraci&#xF3;n y registro contable - 4. Objetivos y procedimientos de auditor&#xED;a de car&#xE1;cter general - 5. Objetivos y procedimientos de auditor&#xED;a de car&#xE1;cter general - 6. R&#xE9;gimen sancionador en materia tributaria - 7. Tipologia y plazos de presentaci&#xF3;n de las declaraciones y liquidaciones tributaria - 8. Esquemas, resumen - 9. Cuestionario de autevaluaci&#xF3;n. </subfield>
  </datafield>
  <datafield tag="942" ind1=" " ind2=" ">
    <subfield code="c">BK</subfield>
  </datafield>
  <datafield tag="590" ind1=" " ind2=" ">
    <subfield code="a">niveau_biblio:m niveau_hierar:0</subfield>
  </datafield>
  <datafield tag="100" ind1="1" ind2=" ">
    <subfield code="a">Picazo Gonz&#xE1;lez, Julio</subfield>
  </datafield>
  <datafield tag="856" ind1="4" ind2="1">
    <subfield code="u">https://biblioeco.unsa.edu.ar/pmb/images/libros/Escuela de Auditoria.jpg</subfield>
    <subfield code="y">Imagen de portada</subfield>
    <subfield code="q">image/jpeg</subfield>
  </datafield>
  <datafield tag="999" ind1=" " ind2=" ">
    <subfield code="c">898</subfield>
    <subfield code="d">898</subfield>
  </datafield>
  <datafield tag="952" ind1=" " ind2=" ">
    <subfield code="0">0</subfield>
    <subfield code="1">0</subfield>
    <subfield code="4">0</subfield>
    <subfield code="7">0</subfield>
    <subfield code="a">BCEJYS</subfield>
    <subfield code="b">BCEJYS</subfield>
    <subfield code="c">16</subfield>
    <subfield code="d">2026-04-07</subfield>
    <subfield code="l">0</subfield>
    <subfield code="o">P657.6 P586</subfield>
    <subfield code="p">L119459</subfield>
    <subfield code="r">2026-04-07 15:55:10</subfield>
    <subfield code="w">2026-04-07</subfield>
    <subfield code="y">L</subfield>
  </datafield>
</record>
